Crisis financieras en América Latina y necesidad de reforma de la arquitectura del sistema financiero global /

Gespeichert in:
Bibliographische Detailangaben
1. Verfasser: Vanoli, Alejandro
Weitere Verfasser: coord. Guillén R. Arturo coord
Format: Text
Sprache:Spanish
Veröffentlicht: Buenos Aires: CLACSO
Schlagworte:
Tags: Tag hinzufügen
Keine Tags, Fügen Sie den ersten Tag hinzu!

MARC

LEADER 00000 a a2200000 04500
001 35413
003 cru IIS
005 20230320132215.0
008 230320b |||||||| |||| 00| 0 spa d
020 |a 978-987-1183-65-4  
040 |c CRAI IIS 
090 |a 0001 R425r  
100 1 |a Vanoli, Alejandro  |9 11041 
245 |a Crisis financieras en América Latina y necesidad de reforma de la arquitectura del sistema financiero global /  |c Alejandro Vanoli 
260 |a Buenos Aires:   |b CLACSO  
300 |a 83-110 p.   |b gráficas  
650 |a ECONOMIA  
650 |a HISTORIA ECONOMICA  
650 |a PAISES DESARROLLADOS  
650 |a PAISES EN DESARROLLO  
650 |a CRECIMIENTO ECONOMICO  
650 |a EQUILIBRIO ECONOMICO  
650 |a ESTADO  
700 |a coord.   |a Guillén R. Arturo   |a coord.  
942 |2 ddc  |c LI 
999 |c 14783  |d 14783 
773 0 |0 10211  |9 8453  |a Vidal, Gregorio   |d Buenos Aires: CLACSO   |o 03010  |t Repensar la teoría del desarrollo de un contexto de globalización: homenaje a Celso Furtado /  |w ()35411  |z 978-987-1183-65-4